000 00299nam a22001337a 4500
008 171021b xxu||||| |||| 00| 0 eng d
020 _a9780875845791
041 _aeng
080 _a658
100 _a54
101 _aLID
245 _aWINNING THROUGH INNOVATION
_cTUSHMAN, M.L
942 _2udc
_cBK
999 _c35309
_d35309